MARC details
| 000 -CABECERA |
| campo de control de longitud fija |
01774nam a22002297a 4500 |
| 008 - DATOS DE LONGITUD FIJA--INFORMACIÓN GENERAL |
| campo de control de longitud fija |
250618b |||||||| |||| 00| 0 eng d |
| 020 ## - NÚMERO INTERNACIONAL ESTÁNDAR DEL LIBRO |
| Número Internacional Estándar del Libro |
9788425418761 |
| 040 ## - FUENTE DE LA CATALOGACIÓN |
| Centro/agencia transcriptor |
tbs |
| 041 ## - CÓDIGO DE LENGUA |
| Código de lengua del texto/banda sonora o título independiente |
ger |
| -- |
spa |
| 100 ## - ENTRADA PRINCIPAL--NOMBRE DE PERSONA |
| Nombre de persona |
Corcoll, Brigitte |
| 9 (RLIN) |
25517 |
| Término indicativo de función/relación |
author |
| 245 ## - MENCIÓN DE TÍTULO |
| Título |
Programm |
| Resto del título |
: alemán para hispanohablantes : gramática |
| Mención de responsabilidad, etc. |
/ Brigitte Corcoll, Roberto Corcoll. |
| 260 ## - PUBLICACIÓN, DISTRIBUCIÓN, ETC. |
| Lugar de publicación, distribución, etc. |
Barcelona : |
| Nombre del editor, distribuidor, etc. |
Herder, |
| Fecha de publicación, distribución, etc. |
1996. |
| 300 ## - DESCRIPCIÓN FÍSICA |
| Extensión |
395 pages : |
| Otras características físicas |
illustrations ; |
| Dimensiones |
24 cm. |
| 520 ## - SUMARIO, ETC. |
| Sumario, etc. |
Alemán para hispanohablantes. Durante los últimos años, por razones económicas y culturales, el interés por el idioma alemán ha crecido de forma espectacular tanto en España como en la América de habla española. Hoy se sabe, además, que el estudio de una lengua extranjera, para ser eficaz, debe tener en cuenta la lengua ma terna del estudiante. Aquí radica justamente la originalidad de PROGRAMM: tanto la Gramática como en el libro de Ejercicios han sido pensados para hispanohablantes. La Gramática ofrece una guía completa teórica y práctica, por niveles, para el estudio del alemán. Puede usarse como libro de texto o como obra de consulta. Sus destinatarios principales son: á Estudiantes de alemán de enseñanza secundaria, alumnos de escuelas de idiomas, institutos alemanes, escuelas universitarias y universidades. á Profesores de alemán de esos mismos centros. á Estudiantes particulares, principiantes o ya avanzados. |
| 650 #0 - PUNTO DE ACCESO ADICIONAL DE MATERIA--TÉRMINO DE MATERIA |
| Término de materia o nombre geográfico como elemento de entrada |
German language |
| Subdivisión general |
Grammar |
| 9 (RLIN) |
25336 |
| 650 #0 - PUNTO DE ACCESO ADICIONAL DE MATERIA--TÉRMINO DE MATERIA |
| Término de materia o nombre geográfico como elemento de entrada |
German language |
| Subdivisión de forma |
Problems, exercises, etc. |
| 9 (RLIN) |
24645 |
| 650 #0 - PUNTO DE ACCESO ADICIONAL DE MATERIA--TÉRMINO DE MATERIA |
| Término de materia o nombre geográfico como elemento de entrada |
German language |
| Subdivisión general |
Study and teaching |
| -- |
Foreign speakers |
| 9 (RLIN) |
13581 |
| 650 #0 - PUNTO DE ACCESO ADICIONAL DE MATERIA--TÉRMINO DE MATERIA |
| Término de materia o nombre geográfico como elemento de entrada |
German language |
| Subdivisión general |
Self-instruction |
| 9 (RLIN) |
24644 |
| 655 #0 - TÉRMINO DE INDIZACIÓN--GÉNERO/FORMA |
| Datos o término principal de género/forma |
Self-instruction |
| 9 (RLIN) |
24883 |
| 700 ## - ENTRADA AGREGADA--NOMBRE PERSONAL |
| Nombre de persona |
Corcoll, Roberto |
| Fechas asociadas al nombre |
1937- |
| 9 (RLIN) |
25518 |
| Término indicativo de función/relación |
author |
| 942 ## - ELEMENTOS DE ENTRADA AGREGADA (KOHA) |
| Fuente del sistema de clasificación o colocación |
Clasificación de Library of Congress |